000 00817nam a22002417a 4500
005 2013022200480.0
008 130222t xxu||||| |||| 00| 0 eng d
010 _aENG-106715
020 _a97893783141
_c800.00
035 _aEN-90248
037 _bDBAD / PUB
040 _adpl
_bEnglish
082 _a000
100 _955100
245 _aKorean studies in India and South Asia /
_cedited by Neerja Samajdar
260 _aNew Delhi
_bManak Publications
_c2012
270 _aB-7, Saraswati Complex, Subhash Chowk, Laxmi Nagar
_bNew Delhi
_e110092
300 _a215p.
_c22cm(Hb)
650 _955101
700 _955201
_aSamajdar, Neerja, ed.
942 _2ddc
_cEN
_mKOR
_h000
999 _c73809
_d73809